| 000 | 00772nam a22002297a 4500 | ||
|---|---|---|---|
| 999 |
_c2381 _d2381 |
||
| 005 | 20230503084345.0 | ||
| 008 | 230503b ||||| |||| 00| 0 eng d | ||
| 020 | _a9780241274064 | ||
| 040 | _cKH8 | ||
| 082 | _a823.92 AST | ||
| 100 |
_a Astley, Neville _eAuthor |
||
| 245 |
_aGeorge and the Noisy Baby / _c Neville Astley |
||
| 260 |
_aLondon, _bLadybird, _c2003 |
||
| 300 |
_a24 unnumbered pages : _bchiefly color illustrations ; _c25 cm |
||
| 440 | _a Peppa Pig | ||
| 521 | _a"Based on the TV series Peppa Pig." "Peppa Pig is created by Neville Astley and Mark Baker." | ||
| 650 |
_a Bruit Romans, nouvelles, etc. pour la jeunesse _vFiction |
||
| 650 | _aInfants | ||
| 650 | _aInfants Juvenile fiction | ||
| 700 |
_aMark Baker _eCreator |
||
| 942 |
_2ddc _cFIC |
||